The miracle of preaching. (Record no. 11529)

000 -LEADER
fixed length control field 00628nam a2200193 a 4500
001 - CONTROL NUMBER
control field :::00009328$&:&@@
003 - CONTROL NUMBER IDENTIFIER
control field OkBaRHE
005 - DATE AND TIME OF LATEST TRANSACTION
control field 20000607103350.0
008 - FIXED-LENGTH DATA ELEMENTS--GENERAL INFORMATION
fixed length control field s1936 j 000 0 eng u
040 ## - CATALOGING SOURCE
Transcribing agency
100 1# - MAIN ENTRY--PERSONAL NAME
Personal name Park, John Edgar, 1879-
245 14 - TITLE STATEMENT
Title The miracle of preaching.
260 ## - PUBLICATION, DISTRIBUTION, ETC. (IMPRINT)
Place of publication, distribution, etc New York, NY., :
Name of publisher, distributor, etc Macmillan Co.
Date of publication, distribution, etc c1936
300 ## - PHYSICAL DESCRIPTION
Extent 184 p. ;
Dimensions 19 cm.
650 ## - SUBJECT ADDED ENTRY--TOPICAL TERM
Topical term or geographic name as entry element Preaching
942 ## - ADDED ENTRY ELEMENTS (KOHA)
Source of classification or shelving scheme
Koha item type Books
Copies
Date last seen Source of classification or shelving scheme Date acquired Lost status Damaged status Not for loan Withdrawn status Koha item type Copy number Permanent Location Price effective from Full call number Shelving location Barcode
2010-04-14 2010-04-14    Books1RHEMA Bible Training College2010-04-14BV 4211 .P3General Stacks9328
2010-04-14 2010-04-14    Books2RHEMA Bible Training College2010-04-14BV 4211 .P3General Stacks16035